| 000 | 01953nam a2200361 c 4500 | ||
|---|---|---|---|
| 003 | BLK | ||
| 005 | 20180422113506.0 | ||
| 008 | 180410b bul|||||r ||||||| ||bul|| | ||
| 010 | _aKNG00163955000 | ||
| 040 | _aBLK | ||
| 041 |
_aBUL _cBUL |
||
| 080 |
_aИконометрия. Математическа икономия _b330.115 _x(075.81) _z330.115(075.81) |
||
| 080 |
_aТеория на вероятностите и математическа статистика. Теория на статистиката вж 311 _b519.2 _x(075.81) _z519.2(075.81) |
||
| 100 | 1 |
_aИванов, Андрей П. _eпърви автор _9333588 |
|
| 700 | 1 |
_aАврамов, Атанас Панайотов _eсъавт. _9365189 |
|
| 139 |
_aИванов, Андрей П. _bИ 21 |
||
| 245 | 1 | 0 |
_aМатематически методи в икономиката _bУчебник за студентите от ВФСИ Д. А. Ценов - Свищов : Ч. 1 - _cАндрей П. Иванов; съавт. Атанас Панайотов Аврамов. _nЧ. 1 _pТеория на вероятностите |
| 257 | _aBGR | ||
| 260 |
_аСвищов _bВФСИ Д. А. Ценов _c1983 |
||
| 300 | _c21 см | ||
| 380 | _a3 | ||
| 500 | _aИзд. на ВФСИ Д. А. Ценов - Свищов. Кат. Висша математика. - Офс. изд. - 2 000 тир. | ||
| 650 | 4 |
_aИкономически науки _9254130 |
|
| 650 | 4 |
_aМатематически методи _9276068 |
|
| 653 | _aикономика | ||
| 653 | _aучебници за ВУЗ | ||
| 760 | 1 |
_aИванов, Андрей П. _d1983 _h257 с. : с табл., диагр. _n1,01 лв. _tЧ. 1 Теория на вероятностите |
|
| 852 | _aЦб 124044 | ||
| 856 | 4 |
_qpdf _u |
|
| 856 | 4 |
_qpdf _u |
|
| 942 |
_cKNG _n0 |
||
| 944 |
_aCR _c08.08.2014 _l08.08.2014 - от С1,Р / 08.08.2014 _kПавлина_Енева |
||
| 944 |
_aED _c22.06.2016 _l08.08.2014 - от С1,Р / 08.08.2014 _kНора_Радева |
||
| 999 |
_c157039 _d157039 |
||